Statistics for Blitz 46

Click here to take the quiz!

General Stats

  • This quiz has been taken 3 times
  • The average score is 8 of 23

Answer Stats

HintAnswer% Correct
opposite of inout
100%
given permission, admitted to something "He was _____to go to the movie with his friend.allowed
50%
to use numbers to access an amountcount
50%
counting in reverse numbers to zerocountdown
50%
to enforce the code; The teachers ------ on the kids during a test so they can all finish in good time.crackdown
50%
having or showing deep religious feeling or commitment: He was a ______ Catholic.devout
50%
to capture documents or information from a website or app onto ones computer or devicedownload
50%
to locate an missing itemfound
50%
a noise from an angry doggrowl
50%
deafening noiseloud
50%
gown worn to bednightgown
50%
a set of clothes that goes togetheroutfit
50%
a villian, one who has broken the law, it "outside the lawoutlaw
50%
to be more in number ( in comparison to another group)outnumber
50%
to lightly cover in water or light rain, a form of cleaning oneself in the morningshower
50%
a public and formal statement: Fifth and sixth graders have been reading the _______ every morning over the loudspeakerannouncement
0%
yummy chocolate cake like desert, Ms. Morgan brings on eating in room days:)brownies
0%
an administrative division of a state providing local servicescounty
0%
the center of a citydowntown
0%
to become full of powerempowered
0%
energy to complete a task, ability to do something in a certain waypower
0%
feeling pleasure of satisfaction in one's own achievements or abilitiesproud
0%
a tall narrow building either freestanding or attached to the top of another buildingtower
0%

Score Distribution

Percentile by Number Answered

Percent of People with Each Score

Your Score History

You have not taken this quiz